| 000 | 00919cab a22001935a 4500 | ||
|---|---|---|---|
| 001 | L152805 | ||
| 008 | 110504e20110415xxk 000 0 eng d | ||
| 035 | _a(Sirsi) u152805 | ||
| 041 | 0 | _aeng | |
| 100 | 1 | _aHopkinson, Matthew | |
| 245 | 0 | 0 | _aShop vacancy rate slows but shows no sign of stopping |
| 260 | _c2011 | ||
| 490 | 0 |
_aProperty Week _v77(15), 15 April 2011, 42-43(2) |
|
| 520 | _aThe latest analysis of retail vacancy rates from the Local Data Company covering 500 centres and 60 000 shops over the last three months shows shops continuing to be vacated albeit at a slower rate than two years ago. Localism is key as performance differs widely across centres, counties and regions. Consumer spending is on hold and retail is facing its most challenging year since 2007. | ||
| 590 | _aKA | ||
| 651 | 4 |
_aUnited Kingdom _y |
|
| 690 | _aPROPERTY-COMMERCIAL PROPERTY-COMMERCIAL PROPERTY MARKET | ||
| 942 | _n0 | ||
| 999 |
_c83102 _d83102 |
||